000 00544nam a2200181 i 4500
001 39063
003 ES-MaACL
005 20250830063047.0
007 t|
008 030227s1920 ag ||||1| spa d
100 1 _aCalzada, Rafael,
_d1854-1929
_933943
245 1 3 _aLa patria de Colón /
_cRafael Calzada.
260 _aBuenos Aires :
_b[s.n.],
_c1920 (
_fTip. López)
300 _a258 p., 9 lám. ;
_c19 cm.
600 1 4 _aColón, Cristóbal-
_xLugar de nacimiento.
_9164774
852 _aES-MaACL
_jF-9995
999 _c39063
_d39063